000 00809cam a22002652 4500
001 0000001189
005 20170406113230.0
008 131211s xx 000 0 eng d
020 _c$
040 _aYour Holding Symbol
_cYour Holding Symbol
100 1 _aWernham,R.B.
245 1 4 _aThe new Cambridge Modern History :
_bthe counter -refomation and price revolution 1559-1610.
250 _a ed.
260 _aCambrige :
_bUniversity press,
_c1968.
300 _a598 p. :
_bill ;
_c cm.
504 _aindex.
650 0 _aHistory.
908 _a131211
999 _c1106
_d1106